top 10 najmniejszych stolic w europie - Statystyki

Ogólne statystyki
  • Ten quiz został rozwiązany 120 razy
  • Średni wynik to 6 z 10
Statystyki odpowiedzi
Hint Odpowiedź % Poprawnych
1. Watykan
98%
2. San Marino
92%
3. Vaduz
82%
8. Luksemburg
80%
6. Monako
79%
4. Valetta
59%
10. Podgorica
47%
9. Berno
32%
7. Rejkiawik
14%
5. Anodra
8%
Nie znaleziono quizów pasujących do podanych kryteriów
Rozkład punktacji
Procent ludzi z każdym wynikiem
Percentyl według liczby udzielonych odpowiedzi
Twoja historia wyników
Nie rozwiązałeś tego quizu